The tender land : a family love story /
The author describes the relationships and inner workings of a family reeling from the loss of a beloved son and brother, one who gave no indication that that his life was so intolerable that he would seek to end it.
Saved in:
| Main Author: | |
|---|---|
| Format: | Book |
| Language: | English |
| Published: |
Boston :
Houghton Mifflin Co.,
2000.
|
| Subjects: | |
| Tags: |
Add Tag
No Tags, Be the first to tag this record!
|
| LEADER | 01055nam a22002658a 4500 | ||
|---|---|---|---|
| 001 | 008354568-9 | ||
| 005 | 20020606104010.5 | ||
| 008 | 991209s2000 mau 000 0 eng | ||
| 010 | |a 99089868 | ||
| 020 | |a 0395984955 | ||
| 035 | 0 | |a ocm43296813 | |
| 040 | |a DLC |c DLC | ||
| 042 | |a pcc | ||
| 050 | 0 | 0 | |a HV6546 |b .F53 2000 |
| 082 | 0 | 0 | |a 362.28/3/092 |a B |2 21 |
| 100 | 1 | |a Finneran, Kathleen. | |
| 245 | 1 | 4 | |a The tender land : |b a family love story / |c Kathleen Finneran. |
| 260 | |a Boston : |b Houghton Mifflin Co., |c 2000. | ||
| 300 | |a p. cm. | ||
| 520 | |a The author describes the relationships and inner workings of a family reeling from the loss of a beloved son and brother, one who gave no indication that that his life was so intolerable that he would seek to end it. | ||
| 505 | 0 | 0 | |t Evidence of Angels -- |t Two Summers -- |t New Year's Day, 1990 -- |t As My Father Retires -- |t Acts of Faith and Other Matters -- |t Tender Land. |
| 650 | 0 | |a Suicide victims |x Family relationships. | |
| 650 | 0 | |a Teenagers |x Suicidal behavior. | |
| 988 | |a 20020608 | ||
| 906 | |0 DLC | ||


